| 000 | 00514nam a22001937a 4500 | ||
|---|---|---|---|
| 003 | LK-CoMWRAF | ||
| 005 | 20231218144755.0 | ||
| 008 | 231218b1996 |||||||| |||| 00| 0 eng d | ||
| 040 |
_aLK-CoMWRAF _dLK-CoMWRAF _eLK-CoMWRAF |
||
| 041 | _aeng | ||
| 082 |
_a333.792 _bSIN |
||
| 100 | _a Singh, Madanjeet | ||
| 245 | _a Renewable energy of the sun | ||
| 260 |
_aParis: _bUnesco, _c1996 |
||
| 300 | _a 77 p. : color ill. ; 31 cm | ||
| 650 | _aPhotovoltaic power generation | ||
| 650 | _aSolar energy | ||
| 942 | _cBK | ||
| 999 |
_c4526 _d4526 |
||